000 00352nam a2200145Ia 4500
008 230312s9999||||xx |||||||||||||| ||und||
020 _a0-07-116468-5
082 _a621.3827
_bKEI-O
100 _aJamrich;June
245 0 _aComputer Concepts
260 _bMcgraw Hill
_aSingapore
_c2000
300 _a602
650 _aComputer
_vComputer
942 _cBK
999 _c15596
_d15596